An integrated course in electronics and communication engineering / (Record no. 162644)
[ view plain ]
| 000 -LEADER | |
|---|---|
| fixed length control field | 00856nam a22002057a 4500 |
| 005 - DATE AND TIME OF LATEST TRANSACTION | |
| control field | 20190319162355.0 |
| 010 ## - LCCN (DPL NO) | |
| LC control number | B-713332 |
| 020 ## - INTERNATIONAL STANDARD BOOK NUMBER | |
| International Standard Book Number | 9788186270981 |
| Terms of availability | 690.00 |
| 035 ## - SYSTEM CONTROL NUMBER | |
| System control number | B-713332 |
| 037 ## - SOURCE OF ACQUISITION | |
| Source of stock number/acquisition | Birla Publications |
| 082 ## - DEWEY DECIMAL CLASSIFICATION NUMBER | |
| Classification number | 621.382 |
| 100 ## - MAIN ENTRY--PERSONAL NAME | |
| Personal name | Rajput, R.K. |
| 245 ## - TITLE STATEMENT | |
| Title | An integrated course in electronics and communication engineering / |
| Statement of responsibility, etc | by R.K. Rajput |
| 260 ## - PUBLICATION, DISTRIBUTION, ETC. (IMPRINT) | |
| Place of publication, distribution, etc | Delhi |
| Name of publisher, distributor, etc | Birla Publications |
| Date of publication, distribution, etc | 2018 |
| 270 ## - ADDRESS | |
| Address | 1/9185, Street No. 5, West Rohtash Nagar, Shahdara |
| City | Delhi |
| Postal code | 110032 |
| 300 ## - PHYSICAL DESCRIPTION | |
| Extent | 1116p.: |
| Other physical details | ill. |
| Dimensions | 24cm(Pbk) |
| 500 ## - GENERAL NOTE | |
| General note | with several thousands objective type questions with answers |
| 942 ## - ADDED ENTRY ELEMENTS (KOHA) | |
| Source of classification or shelving scheme | Dewey Decimal Classification |
| Item type | English Books |
| Call number suffix | RAJ |
| Classification part | 621.382 |
| Withdrawn status | Lost status | Not for loan | Collection code | Home library | Current library | Date acquired | Source of acquisition | Cost, normal purchase price | Full call number | Barcode | Copy number | Cost, replacement price | Koha item type |
|---|---|---|---|---|---|---|---|---|---|---|---|---|---|
| Non-fiction | Central Library | Central Library | 19/03/2019 | Aksharesh Enterprises/0006/13-03-19/591/07-03-19/19-03-19 | 690.00 | 621.382 RAJ | B-713332 | 1 | 690.00 | English Books |
